The noble scholar, jurist, historian


 His Excellency Dr. Abdul Wahhab bin Ibrahim Abu Sulaiman, may Allah have mercy on him.


 He was born in Umm Al-Qura in the year 1356 AH.

كتاب الإيضاح في مناسك الحج والعمرة / (Record no. 13325)

MARC details
000 -LEADER
fixed length control field 01799cam a22003131i 4500
003 - CONTROL NUMBER IDENTIFIER
control field SA-RiAUC
005 - DATE AND TIME OF LATEST TRANSACTION
control field 20251117140409.0
008 - FIXED-LENGTH DATA ELEMENTS--GENERAL INFORMATION
fixed length control field 251006s1994 le g b 000 0 ara c
040 ## - CATALOGING SOURCE
Original cataloging agency SA-JeALM
Language of cataloging ara
Transcribing agency SA-RiAUC
Description conventions rda
050 #4 - LIBRARY OF CONGRESS CALL NUMBER
Item number .N39 1994
082 04 - DEWEY DECIMAL CLASSIFICATION NUMBER
Classification number 252.5
Assigning agency SA-RiAUC
090 ## - LOCALLY ASSIGNED LC-TYPE CALL NUMBER (OCLC); LOCAL CALL NUMBER (RLIN)
Classification number (OCLC) (R) ; Classification number, CALL (RLIN) (NR) 252.5
Local cutter number (OCLC) ; Book number/undivided call number, CALL (RLIN) ن و و
100 1# - MAIN ENTRY--PERSONAL NAME
Personal name النووي، يحيى بن شرف بن مري،
Dates associated with a name 631-676 هجري
Relator term مؤلف.
245 10 - TITLE STATEMENT
Title كتاب الإيضاح في مناسك الحج والعمرة /
Statement of responsibility, etc. يحيى بن شرف النووي. وعليه الإفصاح علي مسائل الإيضاح على مذاهب الأئمة الأربعة وغيرهم رحمهم الله / عبد الفتاح بن حسين رواة المكي.
246 30 - VARYING FORM OF TITLE
Title proper/short title الإيضاح في مناسك الحج والعمرة
250 ## - EDITION STATEMENT
Edition statement الطبعة الثانية.
264 #1 - PRODUCTION, PUBLICATION, DISTRIBUTION, MANUFACTURE, AND COPYRIGHT NOTICE
Place of production, publication, distribution, manufacture بيروت :
-- مكة المكرمة :
Name of producer, publisher, distributor, manufacturer دار البشائر الإسلامية ؛
-- المكتبة الإمدادية،
Date of production, publication, distribution, manufacture, or copyright notice 1994
300 ## - PHYSICAL DESCRIPTION
Extent 526 صفحة ؛
Dimensions 24 سم
336 ## - CONTENT TYPE
Content type term نص
Content type code txt
Source rdacontent
Materials specified كتاب
337 ## - MEDIA TYPE
Media type term بدون وسيط
Media type code n
Source rdamedia
338 ## - CARRIER TYPE
Carrier type term مجلد
Carrier type code nc
Source rdacarrier
500 ## - GENERAL NOTE
General note اهداء من المؤلف عبدالفتاح حسين راوه الى الشيخ رحمه الله بتاريخ 15 / 1 / 1415 هـ
504 ## - BIBLIOGRAPHY, ETC. NOTE
Bibliography, etc. note يشتمل على إرجاعات ببليوجرافية.
650 #7 - SUBJECT ADDED ENTRY--TOPICAL TERM
Topical term or geographic name entry element الحج (فقه إسلامي)
General subdivision مناسك
Source of heading or term aucsh
650 #7 - SUBJECT ADDED ENTRY--TOPICAL TERM
Topical term or geographic name entry element العمرة (فقه إسلامي)
General subdivision مناسك
Source of heading or term aucsh
700 12 - ADDED ENTRY--PERSONAL NAME
Relationship information مع (عمل) :
Personal name المكي، عبد الفتاح حسين راوة،
Dates associated with a name 1334-1424 هجري.
Title of a work الإفصاح على مسائل الإيضاح على مذاهب الأئمة الأربعة وغيرهم
942 ## - ADDED ENTRY ELEMENTS (KOHA)
Source of classification or shelving scheme Dewey Decimal Classification
Koha item type Books
Suppress in OPAC No
949 ## - LOCAL PROCESSING INFORMATION (OCLC)
a SA-JeALM
d 251006
u osman123
n 1
Holdings
Withdrawn status Lost status Source of classification or shelving scheme Damaged status Not for loan Collection Home library Current library Date acquired Total checkouts Full call number Barcode Date last seen Price effective from Koha item type
    Dewey Decimal Classification     اهداء DR AbdElwahab Library DR AbdElwahab Library 11/17/2025   252.5 ن و و 000021241 11/17/2025 11/17/2025 Books